Škultétyho rečňovanky zborník ocenených prác XXII. ročníka celoslovenskej súťaže vo vlastnej literárnej tvorbe

Bibliographic Details
Corporate Author: Škultétyho rečňovanky Veľký Krtíš, Slovensko
Other Authors: Šagiová, Danka, 1964- (Compiler)
Format: Conference Proceeding Software eBook
Language:Slovak
PhysicalDescription:1 elektronický optický disk (DVD-ROM) fareb. 12 cm
Published: Veľký Krtíš Hontiansko-novohradská knižnica A. H. Škultétyho 2013
ISBN:9788085577389 (elektronická kniha)
Edition:Vyd.: prvé
Subjects:

MARC

LEADER 00000nam a2200000 a 4500
001 vtls011509122
003 SK-MaSNL
005 20260301091844.0
007 co cg auuua
008 160301s2013 xo | s 000 0 slo
015 |a SNBS2016 
020 |a 9788085577389 (elektronická kniha) 
040 |a SNK  |b slo  |c SNK  |e AACR2 
041 0 |a slo 
044 |a xo  |c SK 
072 7 |a 808  |x Literárny štýl. Literárna činnosť a technika. Efektívne využívanie jazyka. Spisovateľská činnosť  |2 konspekt 
072 7 |a 82:06  |x Literárne organizácie, súťaže  |2 konspekt 
080 |a 82:7.092  |2 2011 
080 |a 808.1-053.2  |2 2011 
080 |a 808.1  |2 2011 
080 |a 821.162.4-3  |2 2011 
080 |a 821.162.4-1  |2 2011 
080 |a (082)  |2 2011 
080 |a (0.034.44)  |2 2011 
111 2 |a Škultétyho rečňovanky  |n (22. :  |d 2013 :  |c Veľký Krtíš, Slovensko)  |9 418591 
245 1 0 |a Škultétyho rečňovanky  |h elektronický zdroj  |b zborník ocenených prác XXII. ročníka celoslovenskej súťaže vo vlastnej literárnej tvorbe  |c zhotovila: Danka Šagiová 
250 |a Vyd.: prvé 
260 |a Veľký Krtíš  |b Hontiansko-novohradská knižnica A. H. Škultétyho  |c 2013 
300 |a 1 elektronický optický disk (DVD-ROM)  |b fareb.  |c 12 cm 
500 |a Názov z titulnej obrazovky 
516 |a Textový dokument (zborník), súbor vo formáte pdf 
538 |a Technické požiadavky: PDF prehliadač 
648 7 |a 2013  |2 SNKPH  |9 324251 
650 0 7 |a literárne súťaže  |2 SNKPH  |9 4275 
650 0 7 |a literárne práce detí a mládeže  |2 SNKPH  |9 4106 
650 0 7 |a literárna tvorba  |2 SNKPH  |9 4226 
650 0 7 |a Literary competitions  |2 SNKPHeng  |9 302809 
650 0 7 |a Children's and youth's writings  |2 SNKPHeng  |9 291367 
650 0 7 |a Literary creation  |2 SNKPHeng  |9 265428 
655 7 |a elektronické zdroje  |2 SNKPH  |9 90954 
655 7 |a DVD  |2 SNKPH  |9 70751 
655 7 |a slovenské prózy  |2 SNKPH  |9 70229 
655 7 |a slovenská poézia  |2 SNKPH  |9 70444 
655 7 |a zborníky  |2 SNKPH  |9 70165 
655 7 |a Slovak prosis  |2 SNKPHeng  |9 289381 
655 7 |a Slovak poetry  |2 SNKPHeng  |9 265010 
655 7 |a Miscellanea  |2 SNKPHeng  |9 265155 
655 7 |a Electronic resources  |2 SNKPHeng  |9 175546 
700 1 |a Šagiová, Danka,  |d 1964-  |4 com  |9 92284 
919 |a 978-80-85577-38-9 
958 |a LX 
999 |c 672313  |d 674243 
952 |a SNK  |b SNK  |y PREZ  |7 0  |p 17A1181088  |o snkSCDM 8199  |i snk2016/5964  |8 0  |0 0  |1 0  |4 0  |d 2016-03-01  |l 0  |r 2026-02-23 19:30:50  |w 2026-02-23